MOOC – budúcnosť vzdelávania alebo bublina
Režimy a typy e-learningového vzdelávania. MOOC čiže Massive open online course, je skôr idea, alebo obchodný model, než nová technológia efektívneho vyučovania. Podstata MOOC, najznámejší poskytovatelia MOOC. Aktuálny stav MOOC v Európe.
Gespeichert in:
| 1. Verfasser: | |
|---|---|
| Format: | Buchkapitel |
| Sprache: | Slowakisch |
| Schlagworte: | |
| Tags: |
Keine Tags, Fügen Sie das erste Tag hinzu!
|
MARC
| LEADER | 00000nla a2200000 4500 | ||
|---|---|---|---|
| 001 | 0204278 | ||
| 005 | 20240502073417.4 | ||
| 041 | 0 | |a slo | |
| 044 | |a SK | ||
| 245 | 1 | 0 | |a MOOC – budúcnosť vzdelávania alebo bublina |c Peter Schmidt |
| 520 | |a Režimy a typy e-learningového vzdelávania. MOOC čiže Massive open online course, je skôr idea, alebo obchodný model, než nová technológia efektívneho vyučovania. Podstata MOOC, najznámejší poskytovatelia MOOC. Aktuálny stav MOOC v Európe. | ||
| 610 | 2 | 0 | |a vzdelávanie elektronické |
| 610 | 2 | 0 | |a kurzy |
| 610 | 2 | 0 | |a internet |
| 100 | 1 | |a Schmidt, Peter, 1968- | |